Top 50 baby boy names 2005 Denmark Quiz Stats

 Plays Quiz not verified by Sporcle

Challenge
Share
Tweet
Embed
Score 0/50 Timer 10:00
0 Plays Today
Rank Name % Correct
15.Christian
87.9%
28.Daniel
86.7%
44.Thomas
85%
4.Frederik
83.2%
3.Mathias
81.5%
1.Lucas
79.2%
5.Oliver
78.6%
11.Mads
78%
23.William
78%
18.Jakob
77.5%
7.Mikkel
76.3%
24.Simon
76.3%
8.Victor
75.7%
17.Jonas
75.7%
47.Martin
75.1%
13.Rasmus
74.6%
22.Alexander
74.6%
21.Andreas
74%
26.Nicklas
72.8%
6.Emil
72.3%
12.Nikolaj
72.3%
31.Christoffer
72.3%
14.Marcus
71.7%
9.Tobias
69.4%
2.Magnus
68.2%
Rank Name % Correct
29.Benjamin
68.2%
19.Kasper
67.6%
16.Noah
64.7%
10.Sebastian
64.2%
20.Oscar
64.2%
34.Anders
64.2%
36.Carl
61.3%
40.Elias
60.7%
25.Gustav
60.1%
38.Jonathan
59.5%
42.Patrick
59.5%
48.David
58.4%
43.Valdemar
56.1%
41.August
55.5%
37.Silas
54.3%
39.Marius
54.3%
32.Anton
53.8%
33.Jeppe
52.6%
50.Albert
52.6%
27.Malthe
52%
35.Lasse
52%
30.Philip
38.2%
49.Hjalte
34.1%
46.Bertram
30.1%
45.Laurits
26.6%

You're not logged in!

Compare scores with friends on all Sporcle quizzes.
OR
Log In

You Might Also Like...

Show Comments

Extras

Created Sep 16, 2011ReportNominate
Tags:2005, baby, boy, denmark, Top 50

Top Quizzes Today


Score Distribution

Your Account Isn't Verified!

In order to create a playlist on Sporcle, you need to verify the email address you used during registration. Go to your Sporcle Settings to finish the process.

Report this User

Report this user for behavior that violates our Community Guidelines.

Details: